000 00222nam a2200097Ia 4500
005 20251222114358.0
008 251222s1900||||xx |||||||||||||| ||spa||
082 _aDVD0120/K12/1986/T.2
245 0 _aLa Gioconda :
942 _cDVD
999 _c1524
_d1524